<?xml version="1.0" encoding="UTF-8"?>
<marc:record xmlns:marc="http://www.loc.gov/MARC21/slim">
   <marc:leader>00000nam a2200000 a 4500</marc:leader>
   <marc:datafield ind1="1" ind2=" " tag="100">
      <marc:subfield code="a">Knorr, Albert</marc:subfield>
      <marc:subfield code="4">aut</marc:subfield>
      <marc:subfield code="e">Verfasser/-in</marc:subfield>
   </marc:datafield>
   <marc:datafield ind1=" " ind2=" " tag="653">
      <marc:subfield code="a">die sich für das Thema Gentechnik bei Nahrungsmitteln (Saatgut) interessieren</marc:subfield>
   </marc:datafield>
   <marc:datafield ind1=" " ind2=" " tag="653">
      <marc:subfield code="a">die einen Blick hinter die Entstehung ihrer Nahrungsmittel werfen möchten</marc:subfield>
   </marc:datafield>
   <marc:datafield ind1=" " ind2=" " tag="653">
      <marc:subfield code="a">die sich mit dem Thema kritisch auseinandersetzen.</marc:subfield>
   </marc:datafield>
   <marc:datafield ind1="0" ind2="0" tag="245">
      <marc:subfield code="a">Sacer Sanguis Genetics</marc:subfield>
   </marc:datafield>
   <marc:datafield ind1="0" ind2="0" tag="245">
      <marc:subfield code="c">Albert Knorr</marc:subfield>
   </marc:datafield>
   <marc:datafield ind1=" " ind2="1" tag="264">
      <marc:subfield code="a">Wien</marc:subfield>
      <marc:subfield code="b">A. Knorr</marc:subfield>
      <marc:subfield code="c">2011</marc:subfield>
   </marc:datafield>
   <marc:datafield ind1=" " ind2=" " tag="250">
      <marc:subfield code="a">1. Aufl., Taschenbuchausg.</marc:subfield>
   </marc:datafield>
   <marc:datafield ind1="1" ind2=" " tag="520">
      <marc:subfield code="a">Angaben aus der Verlagsmeldung

Sacer Sanguis Genetics : Giftgrüne Gentechnik / von Albert Knorr

«Wir hätten die Insel niemals betreten dürfen. Nicht, nachdem wir dieses Brüllen gehört haben. Alles, was man uns über das Experiment erzählt hat, war gelogen. Die Evolution macht keine Fehler. Und sie verzeiht auch keine.»

Botanischer Garten Wien: Überraschend bekommt der Direktor eine neue Mitarbeiterin. Er weiß, dass sie in ihrem letzten Job Ärger hatte, ahnt aber nicht, wie viel sie davon mitbringt. Als ein mächtiger Konzern plötzlich Wien ins Visier nimmt, ist nur noch eines sicher: Das Experiment hätte die Insel niemals verlassen dürfen.
</marc:subfield>
   </marc:datafield>
   <marc:datafield ind1=" " ind2=" " tag="020">
      <marc:subfield code="a">9783950268188</marc:subfield>
      <marc:subfield code="9">9783950268188</marc:subfield>
   </marc:datafield>
   <marc:datafield ind1=" " ind2=" " tag="041">
      <marc:subfield code="a">ger</marc:subfield>
   </marc:datafield>
   <marc:datafield ind1=" " ind2=" " tag="300">
      <marc:subfield code="a">500 S.</marc:subfield>
   </marc:datafield>
</marc:record>
